000 00729nam a22002297a 4500
005 20180902120651.0
010 _aB-498580-589 ENG-111380
020 _a9788122312102
_c695.00
035 _aB-498580-589
035 _aEN-94912
037 _aDPL
_bUBH/VEN
037 _bDBAD/PUB
082 _a641.5
100 _aSharma, Reeta
245 _aRapidex cookery course /
_cby Reeta Sharma [and] P.P. Bhalla
260 _aNew Delhi
_bPustak Mahal
_c2012
270 _aJ-3/16 , Daryaganj
_bNew Delhi
_e110002
300 _a304p. :
_bcol. ill.
_c28cm(Hb)
700 _aBhalla, P.P.
942 _2ddc
_cEN
_mSHA
_h641.5
999 _c75009
_d75009